00337nam a2200133 a 4500008004100000050002000041100002300061245001900084260004000103300001000143350000900153650002100162650002000183120416s1970 ||||||||||||||||| || u aPR 9199.3.O31C5 aO'Connell, Dorothy10aChicklet Gomez aOttawa:bDeneau and Greenbergc197? a150p. a0.00 aENGLISH LANGUAGE aENGLISH FICTION